000 00368nam a2200145Ia 4500
008 231129s1992||||xx |||||||||||||| ||spa||
020 _a84-7509-766-9
040 _bspa
082 _a321.8 D131d
100 _aDahl Robert A
245 0 _aLa democracia y sus criticos
260 _c1992
264 _aPaidos
942 _2ddc
_cBKS
999 _c16840
_d16840